000 00690nam a2200193 i 4500
001 34824
003 ES-MaACL
005 20251003063050.0
007 t|
008 030211s1921 sp ||||1| spa d
100 1 _aBoix, Emilio,
_d1859-1953
_929888
245 1 4 _aLos artículos para la electricidad en la República Argentina /
_cEmilio Boix.
260 _aMadrid :
_b[s.n.],
_c1921 (
_fImp. del Ministerio de Estado)
300 _a34 p. ;
_c22 cm.
490 1 _aCentro de Información Comercial del Ministerio de Estado ;
_v69
830 0 0 _aCentro de Información Comercial del Ministerio de Estado
_v69
_9181535
852 _aES-MaACL
_j1607-F-23
999 _c34824
_d34824